|
|
|
|
| LEADER |
00000cam a2200000 a 4500 |
| 001 |
vtls001397501 |
| 003 |
SK-MaSNL |
| 005 |
20260301071622.0 |
| 008 |
240318s1998 xo a rf 000 0 slo |
| 015 |
|
|
|a SNBA2001/01-00195
|
| 020 |
|
|
|a 8088778689
|
| 035 |
|
|
|a SNK000351910
|
| 035 |
|
|
|a urn:nbn:sk:snk-amjcvt
|
| 035 |
|
|
|a urn:nbn:sk:snk-am002j0b
|
| 035 |
|
|
|a 210D3130-6113-41BC-ACC5-C69CB3BB065A
|
| 040 |
|
|
|a SNK
|b slo
|c SNK
|e AACR2
|
| 041 |
0 |
|
|a slo
|
| 044 |
|
|
|a xo
|c SK
|
| 080 |
|
|
|a 641.87(083.12)
|2 1981
|
| 100 |
1 |
|
|a Kaščák, Ján Silvester
|4 aut
|9 44741
|
| 245 |
1 |
0 |
|a Miešané nápoje s alkoholom a bez alkoholu
|c Ján Silvester Kaščák
|
| 260 |
|
|
|a Bratislava
|b Iris
|c 1998
|
| 300 |
|
|
|a 105 s.
|b ilustr.
|c 18 cm
|
| 650 |
0 |
7 |
|a miešané nápoje
|2 SNKPH
|9 67385
|
| 650 |
0 |
7 |
|a príprava nápojov
|2 SNKPH
|9 389691
|
| 655 |
|
7 |
|a príručky
|2 SNKPH
|9 74364
|
| 852 |
|
|
|a Slovenská národná knižnica
|
| 919 |
|
|
|a 80-88778-68-9
|
| 958 |
|
|
|a TL
|
| 999 |
|
|
|c 638413
|d 640343
|
| 952 |
|
|
|t P60, <09>, [BOOK], {629}
|a SNK
|b SNK
|y NEVYP
|7 0
|o snkD 112
|i snk1087/20001006
|0 0
|1 0
|4 0
|d 2000-10-05
|l 0
|r 2005-01-02 00:00:00
|w 2026-02-23
|
| 952 |
|
|
|t P60, <03>, [BOOK], {603}
|a SNK
|b SNK
|y PREZ
|7 0
|p 17A0253413
|o snkSD 71128
|i snkKSP 10563/2000
|0 0
|1 0
|4 0
|d 2000-10-05
|l 0
|r 2005-01-02 00:00:00
|w 2026-02-23
|
| 952 |
|
|
|t P60, <04>, [BOOK], {604}
|a SNK
|b SNK
|y VYP
|7 0
|p 17A0253414
|o snkSD 71128 D1
|i snkKSP 10564/2000
|0 0
|1 0
|4 0
|d 2000-10-05
|f 1
|l 0
|r 2005-01-02 00:00:00
|w 2026-02-23
|